India

Bibliographic Details
Main Author: Sen, Antara Dev
Format: Book
Published: Leicester : Blitz Editions , 1995
Subjects:

MARC

LEADER 00000cam a2200000 7i4500
001 0000046881
005 20150408.0
008 150408
020 |a 185605277x 
020 |a 9781856052771 
090 0 0 |a 934   |b SEN 
100 1 |a Sen, Antara Dev 
245 1 0 |a India   |c Antara Dev Sen 
260 |a Leicester :   |b Blitz Editions ,   |c 1995 
650 0 |a India 
999 |a 0000605955   |b Book   |c Adult Collection   |e Cawangan Pontian 
999 |a 0000605958   |b Book   |c Adult Collection   |e Cawangan Tmn. Ungku Tun Aminah 
999 |a 0000794779   |b Book   |c REFERENCE   |e Cawangan Segamat 
999 |a 0000819566   |b Book   |c REFERENCE   |e Cawangan Segamat 
999 |a 0000819567   |b Book   |c REFERENCE   |e Cawangan Segamat